000 00664nam a2200277Ia 4500
005 20260324144145.0
008 008 260324s9999 xx 000 0 eng d
020 _a9781315880570
037 _aEBOOK
040 _aCRL
040 _beng
040 _cCRL
041 _2eng
041 _aeng
084 _qCRL
100 _aPaul Cloke
_91218301
245 0 _aRural Land-Use Planning in Developed Nations (Routledge Revivals)
260 _bTaylor and Francis
260 _c1989
365 _a
365 _b150
856 _uhttp://www.taylorfrancis.com/books/9781315880570
942 _cEBOOK
999 _c1824546
_d1824546